Les 20 joueurs/joueuses de FC24 avec la meilleure note - Statistiques

Statistiques générales
  • Ce quiz a été pris 395 fois
  • Le résultat moyen est 14 sur 20
Statistiques - réponses
Club Sexe Note Joueurs % Correct
PSG H 91 Kylian Mbappé
100%
Manchester City H 91 Erling Haaland
95%
Inter Miami H 90 Lionel Messi
94%
Manchester City H 90 Kevin De Bruyne
91%
Real Madrid H 89 Vinicius Jr.
84%
Liverpool H 89 Mohamed Salah
82%
Al-Hilal H 89 Neymar Jr
81%
Real Madrid H 90 Thibaut Courtois
80%
FC Barcelone F 91 Alexia Putellas
77%
Bayern Munich H 90 Harry Kane
76%
FC Barcelone H 90 Robert Lewandowski
72%
Manchester City H 89 Rodri
69%
Real Madrid H 90 Karim Benzema
66%
Manchester City H 89 Ruben Dias
63%
Chelsea F 90 Sam Kerr
63%
FC Barcelone F 90 Aitana Bonmati
58%
FC Barcelone F 90 Caroline Graham Hansen
35%
San Diego F 89 Alex Morgan
32%
Olympique Lyonnais F 89 Kadidiatou Diani
28%
FC Barcelone F 89 Mapi Leon
26%
Aucun quiz correspondant
Distribution des résultats
% des personnes avec chaque résultat
Percentile par nombre de réponses
Votre historique - résultats
Vous n’avez pas pris ce quiz